[Event "MVP-ch Seniors op 19th"]
[Site "Ostseebad Binz"]
[Date "2019.11.30"]
[Round "4"]
[White "Klettke, Wolfgang"]
[Black "Zacharias, Uwe"]
[Result "1-0"]
[WhiteElo "2057"]
[BlackElo "1913"]
[PlyCount "47"]
[EventDate "2019.11.27"]
[EventType "swiss"]
[EventRounds "9"]
[EventCountry "GER"]
[SourceTitle "EXT 2021"]
[Source "ChessBase"]
[SourceDate "2020.10.23"]
[SourceVersion "1"]
[SourceVersionDate "2020.10.23"]
[SourceQuality "1"]

1. e4 c5 2. Nf3 Nc6 3. c3 g6 4. d4 cxd4 5. cxd4 Bg7 6. Nc3 d6 7. h3 Qb6 8. d5 Ne5 9. Nxe5 Bxe5 10. Bb5+ Bd7 11. Bxd7+ Kxd7 12. 0-0 Rc8 13. Qa4+ Kd8 14. Be3 Qc7 15. Qxa7 Ke8 16. Rac1 Kf8 17. Nb5 Qd7 18. Rxc8+ Qxc8 19. Rc1 Qd7 20. Nc7 Kg7 21. Qxb7 Nf6 22. f4 Bxb2 23. Qxb2 Rc8 24. e5 1-0

[Event "MVP-ch Seniors op 19th"]
[Site "Ostseebad Binz"]
[Date "2019.11.29"]
[Round "3"]
[White "Deflieze, Ulrich"]
[Black "Klettke, Wolfgang"]
[Result "1/2-1/2"]
[WhiteElo "1920"]
[BlackElo "2057"]
[PlyCount "36"]
[EventDate "2019.11.27"]
[EventType "swiss"]
[EventRounds "9"]
[EventCountry "GER"]
[SourceTitle "EXT 2021"]
[Source "ChessBase"]
[SourceDate "2020.10.23"]
[SourceVersion "1"]
[SourceVersionDate "2020.10.23"]
[SourceQuality "1"]

1. e4 c5 2. Nf3 Nc6 3. d4 cxd4 4. Nxd4 g6 5. c4 Bg7 6. Be3 Nf6 7. Nc3 Ng4 8. Qxg4 Nxd4 9. Qd1 Ne6 10. Be2 Qa5 11. 0-0 d6 12. Qd2 h5 13. a3 g5 14. c5 dxc5 15. Bb5+ Kf8 16. Bc4 Qd8 17. Nd5 Bd4 18. Rad1 f6 1/2-1/2

[Event "MVP-ch Seniors op 18th"]
[Site "Ostseebad Binz"]
[Date "2018.11.28"]
[Round "1"]
[White "Klettke, Wolfgang"]
[Black "Neumann, Horst1111"]
[Result "1-0"]
[WhiteElo "1975"]
[BlackElo "1652"]
[PlyCount "43"]
[EventDate "2018.11.28"]
[EventType "swiss"]
[EventRounds "9"]
[EventCountry "GER"]
[SourceTitle "CBM 188 Extra"]
[Source "ChessBase"]
[SourceDate "2019.02.26"]
[SourceVersion "1"]
[SourceVersionDate "2019.02.26"]
[SourceQuality "1"]

1. e4 e5 2. Nf3 Nc6 3. Bb5 d6 4. h3 Bd7 5. c3 a6 6. Ba4 b5 7. Bb3 Be6 8. Bxe6 fxe6 9. a4 Be7 10. Qe2 b4 11. d4 Nf6 12. 0-0 0-0 13. dxe5 Nxe5 14. Nxe5 dxe5 15. Qc4 Qc8 16. cxb4 Rb8 17. b5 a5 18. Nc3 Rd8 19. Be3 Kf7 20. f4 exf4 21. Bxf4 Kg8 22. Qxc7 1-0

[Event "MVP-ch Seniors op 17th"]
[Site "Binz"]
[Date "2017.12.03"]
[Round "5.26"]
[White "Klettke, Wolfgang"]
[Black "Meyer, Irmin"]
[Result "1/2-1/2"]
[WhiteElo "1938"]
[BlackElo "2034"]
[PlyCount "27"]
[EventDate "2017.11.29"]
[EventType "swiss"]
[EventRounds "9"]
[EventCountry "GER"]
[SourceTitle "EXT 2019"]
[Source "ChessBase"]
[SourceDate "2018.10.10"]
[SourceVersion "1"]
[SourceVersionDate "2018.10.10"]
[SourceQuality "1"]

1. e4 c6 2. d4 d5 3. exd5 cxd5 4. Bd3 Nc6 5. c3 g6 6. Bf4 Bg7 7. Nf3 Nf6 8. 0-0 Nh5 9. Bg3 0-0 10. Re1 Nxg3 11. hxg3 Qd6 12. Nbd2 Bg4 13. Qb3 b6 14. Nf1 1/2-1/2

[Event "MVP-ch Seniors op 17th"]
[Site "Binz"]
[Date "2017.12.02"]
[Round "4.18"]
[White "Rahls, Peter"]
[Black "Klettke, Wolfgang"]
[Result "1/2-1/2"]
[WhiteElo "2156"]
[BlackElo "1938"]
[PlyCount "94"]
[EventDate "2017.11.29"]
[EventType "swiss"]
[EventRounds "9"]
[EventCountry "GER"]
[SourceTitle "EXT 2019"]
[Source "ChessBase"]
[SourceDate "2018.10.10"]
[SourceVersion "1"]
[SourceVersionDate "2018.10.10"]
[SourceQuality "1"]

1. e4 c5 2. Ne2 Nc6 3. Nbc3 g6 4. g3 Bg7 5. Bg2 d6 6. d3 e6 7. 0-0 Nge7 8. f4 0-0 9. g4 f5 10. gxf5 exf5 11. Ng3 Be6 12. Nce2 d5 13. exf5 Nxf5 14. Nxf5 Bxf5 15. Ng3 Qd7 16. Nxf5 Qxf5 17. c3 Rad8 18. Qf3 Ne7 19. Qe3 Rfe8 20. Bh3 Qh5 21. Qe6+ Kh8 22. Qg4 Qxg4+ 23. Bxg4 Nf5 24. Kf2 b6 25. Bd2 Kg8 26. Rg1 Nd6 27. Bf3 Nf5 28. Rge1 Kf7 29. Rxe8 Kxe8 30. Rh1 Kf7 31. a4 a5 32. Bg4 Nd6 33. Re1 Re8 34. Bf3 d4 35. Rg1 Bf6 36. Bd5+ Kg7 37. Kf3 Re7 38. Be4 Kf8 39. Rc1 Nf5 40. Ra1 Nd6 41. Rc1 Nf5 42. Be1 Rd7 43. Bf2 Kf7 44. c4 Ne7 45. h4 h5 46. Rg1 Rd6 47. Ke2 Nf5 1/2-1/2

[Event "Niedersachsen-ch op-B"]
[Site "Verden"]
[Date "2017.01.07"]
[Round "6"]
[White "Behn, Cord"]
[Black "Klettke, Wolfgang"]
[Result "1/2-1/2"]
[WhiteElo "1839"]
[BlackElo "1958"]
[PlyCount "22"]
[EventDate "2017.01.05"]
[EventType "swiss"]
[EventRounds "7"]
[EventCountry "GER"]
[SourceTitle "CBM 187 Extra"]
[Source "ChessBase"]
[SourceDate "2018.11.04"]
[SourceVersion "1"]
[SourceVersionDate "2018.11.04"]
[SourceQuality "1"]

1. c4 e6 2. g3 Nf6 3. Bg2 Be7 4. Nc3 c5 5. Nf3 Nc6 6. d4 d5 7. cxd5 exd5 8. 0-0 0-0 9. Bf4 a6 10. a4 Be6 11. h3 h6 1/2-1/2

[Event "Niedersachsen-ch op-B"]
[Site "Verden"]
[Date "2017.01.07"]
[Round "5"]
[White "Klettke, Wolfgang"]
[Black "Palmer, Harald"]
[Result "1/2-1/2"]
[WhiteElo "1958"]
[BlackElo "1880"]
[PlyCount "59"]
[EventDate "2017.01.05"]
[EventType "swiss"]
[EventRounds "7"]
[EventCountry "GER"]
[SourceTitle "CBM 187 Extra"]
[Source "ChessBase"]
[SourceDate "2018.11.04"]
[SourceVersion "1"]
[SourceVersionDate "2018.11.04"]
[SourceQuality "1"]

1. e4 c5 2. d4 cxd4 3. c3 d5 4. exd5 Qxd5 5. cxd4 Nc6 6. Nf3 Nf6 7. Nc3 Qa5 8. Be2 e6 9. 0-0 Be7 10. Bf4 a6 11. a3 Nd5 12. Bd2 0-0 13. Bd3 Qd8 14. Qc2 Nf6 15. Be3 Bd7 16. Ng5 h6 17. Nf3 Rc8 18. Qd2 Re8 19. Bxh6 gxh6 20. Qxh6 Bf8 21. Qh4 Bg7 22. Rfe1 Ne7 23. Ne5 Nf5 24. Bxf5 exf5 25. Qf4 Be6 26. Re3 Nd5 27. Nxd5 Qxd5 28. Rg3 f6 29. Qh6 Rc7 30. Nf3 1/2-1/2

[Event "MVP-ch Seniors op 16th"]
[Site "Binz"]
[Date "2016.11.30"]
[Round "8.15"]
[White "Klettke, Wolfgang"]
[Black "Petzold, Hans"]
[Result "1/2-1/2"]
[WhiteElo "1959"]
[BlackElo "2074"]
[PlyCount "55"]
[EventDate "2016.11.23"]
[EventType "swiss"]
[EventRounds "9"]
[EventCountry "GER"]
[SourceTitle "EXT 2018"]
[Source "ChessBase"]
[SourceDate "2017.10.13"]
[SourceVersion "1"]
[SourceVersionDate "2017.10.13"]
[SourceQuality "1"]

1. e4 e5 2. Nf3 Nc6 3. Bb5 a6 4. Ba4 d6 5. h3 Nf6 6. Qe2 Be7 7. c3 b5 8. Bb3 0-0 9. 0-0 Na5 10. Bc2 c5 11. d4 Qc7 12. Bg5 Bb7 13. d5 Bc8 14. Nbd2 Nh5 15. Be3 f5 16. exf5 Bxf5 17. Bxf5 Rxf5 18. a4 Rb8 19. Qd3 Rff8 20. b4 cxb4 21. cxb4 Nc4 22. axb5 axb5 23. Ra7 Rb7 24. Rxb7 Qxb7 25. Nxc4 bxc4 26. Qxc4 Nf4 27. Bxf4 Rxf4 28. Qc6 1/2-1/2

[Event "Daehne-Cup Niedersachsen"]
[Site "Lehrte"]
[Date "2016.09.10"]
[Round "1"]
[White "Rauber, Christoph"]
[Black "Klettke, Wolfgang"]
[Result "0-1"]
[WhiteElo "1725"]
[BlackElo "1889"]
[PlyCount "52"]
[EventDate "2016.09.10"]
[EventType "k.o."]
[EventRounds "3"]
[EventCountry "GER"]
[SourceTitle "EXT 2020"]
[Source "ChessBase"]
[SourceDate "2019.10.17"]
[SourceVersion "1"]
[SourceVersionDate "2019.10.17"]
[SourceQuality "1"]

1. e4 c5 2. Nf3 Nc6 3. Bb5 g6 4. c3 Bg7 5. 0-0 Nf6 6. Re1 0-0 7. d4 cxd4 8. cxd4 d5 9. e5 Ne4 10. Nc3 Nxc3 11. bxc3 Qa5 12. Qb3 a6 13. Bxc6 bxc6 14. h3 Bf5 15. Qa3 Qc7 16. Nd2 Rfe8 17. Nb3 f6 18. exf6 exf6 19. Rxe8+ Rxe8 20. Be3 Bd3 21. Nc5 Bf8 22. Rd1 Bb5 23. Rb1 f5 24. g3 Rxe3 25. fxe3 Qxg3+ 26. Kh1 Be2 0-1

[Event "Niedersachsen-ch op"]
[Site "Verden"]
[Date "2016.01.05"]
[Round "6"]
[White "Ngo, Minh Duc"]
[Black "Klettke, Wolfgang"]
[Result "1-0"]
[WhiteElo "2156"]
[BlackElo "1970"]
[PlyCount "79"]
[EventDate "2016.01.03"]
[EventType "swiss"]
[EventRounds "7"]
[EventCountry "GER"]
[SourceTitle "EXT 2018"]
[Source "ChessBase"]
[SourceDate "2017.10.13"]
[SourceVersion "1"]
[SourceVersionDate "2017.10.13"]
[SourceQuality "1"]

1. e4 c5 2. Nf3 Nc6 3. Nc3 g6 4. d4 cxd4 5. Nxd4 Bg7 6. Be3 Nf6 7. Bc4 Qa5 8. 0-0 0-0 9. a3 d6 10. Nb3 Qc7 11. Be2 a6 12. Nd5 Nxd5 13. exd5 Ne5 14. Bd4 b5 15. f4 Nc4 16. Bxg7 Kxg7 17. Qd4+ Kg8 18. Bxc4 bxc4 19. Nd2 Bd7 20. Rfe1 Bf5 21. Nxc4 Bxc2 22. Rac1 Bf5 23. Ne3 Qa7 24. Nxf5 gxf5 25. Qxa7 Rxa7 26. Rc6 Rb8 27. Re3 Kg7 28. b3 Rb5 29. Rd3 Kf6 30. Rcc3 Rc5 31. Rxc5 dxc5 32. Rh3 Kg6 33. Rc3 Rc7 34. Kf2 Kf6 35. b4 c4 36. Ke3 Rd7 37. Rxc4 Rxd5 38. Rc6+ Rd6 39. Rxd6+ exd6 40. Kd4 1-0

[Event "Niedersachsen-ch op-A"]
[Site "Verden"]
[Date "2015.01.02"]
[Round "2"]
[White "Schiermeyer, Lukas"]
[Black "Klettke, Wolfgang"]
[Result "1-0"]
[WhiteElo "1806"]
[BlackElo "2012"]
[PlyCount "47"]
[EventDate "2015.01.02"]
[EventType "swiss"]
[EventRounds "7"]
[EventCountry "GER"]
[SourceTitle "EXT 2018"]
[Source "ChessBase"]
[SourceDate "2017.10.13"]
[SourceVersion "1"]
[SourceVersionDate "2017.10.13"]
[SourceQuality "1"]

1. e4 c5 2. Nf3 Nc6 3. d4 cxd4 4. Nxd4 g6 5. Nxc6 bxc6 6. Bd3 Bg7 7. 0-0 d6 8. Nd2 Nf6 9. Kh1 0-0 10. f4 Qa5 11. f5 Nd7 12. Nc4 Qc7 13. Bf4 Ne5 14. Nxe5 Bxe5 15. Bxe5 dxe5 16. Bc4 Kg7 17. Qe2 Qb6 18. b3 a5 19. Rad1 a4 20. Rf3 axb3 21. cxb3 Ba6 22. Bxa6 Rxa6 23. Rd7 Qc5 24. Qxa6 1-0

[Event "MVP-ch Seniors op 14th"]
[Site "Binz"]
[Date "2014.11.30"]
[Round "6"]
[White "Klettke, Wolfgang"]
[Black "Baumbach, Friedrich"]
[Result "1/2-1/2"]
[WhiteElo "1892"]
[BlackElo "2072"]
[PlyCount "88"]
[EventDate "2014.11.25"]
[EventType "swiss"]
[EventRounds "9"]
[EventCountry "GER"]
[SourceTitle "EXT 2016"]
[Source "ChessBase"]
[SourceDate "2015.10.08"]
[SourceVersion "1"]
[SourceVersionDate "2015.10.08"]
[SourceQuality "1"]

1. e4 c5 2. Nf3 Nc6 3. Bb5 g6 4. 0-0 Bg7 5. c3 Nf6 6. Re1 0-0 7. d4 cxd4 8. cxd4 d5 9. e5 Ne4 10. Nc3 Bf5 11. Bxc6 bxc6 12. Nxe4 dxe4 13. Ng5 Qd5 14. f3 exf3 15. Nxf3 Rab8 16. b3 Bg4 17. Bb2 f6 18. exf6 Bxf6 19. Rf1 c5 20. h3 Bxf3 21. Rxf3 Bxd4+ 22. Bxd4 Rxf3 23. gxf3 cxd4 24. Qd3 Rc8 25. Rd1 Qg5+ 26. Kf1 e5 27. Qe4 Qf5 28. Qxf5 gxf5 29. f4 e4 30. Rxd4 Rc3 31. Rd8+ Kg7 32. Rd7+ Kg6 33. Rxa7 Rf3+ 34. Ke2 Rxf4 35. b4 Rh4 36. Ra3 f4 37. b5 f3+ 38. Kf1 Rxh3 39. b6 Rh1+ 40. Kf2 Rh2+ 41. Kg1 Rg2+ 42. Kf1 e3 43. Rxe3 Rxa2 44. Rb3 Ra8 1/2-1/2

[Event "MVP-ch Seniors op 14th"]
[Site "Binz"]
[Date "2014.11.26"]
[Round "2"]
[White "Wenzel, Klaus"]
[Black "Klettke, Wolfgang"]
[Result "0-1"]
[WhiteElo "1091"]
[BlackElo "1892"]
[PlyCount "60"]
[EventDate "2014.11.25"]
[EventType "swiss"]
[EventRounds "9"]
[EventCountry "GER"]
[SourceTitle "EXT 2016"]
[Source "ChessBase"]
[SourceDate "2015.10.08"]
[SourceVersion "1"]
[SourceVersionDate "2015.10.08"]
[SourceQuality "1"]

1. b4 e5 2. Bb2 d6 3. c4 a5 4. b5 Nf6 5. e3 c6 6. a4 g6 7. Be2 Bg7 8. Nf3 0-0 9. 0-0 Bg4 10. Nc3 Nbd7 11. d4 e4 12. Nd2 Bxe2 13. Qxe2 Re8 14. Ba3 Qc7 15. Rab1 Bf8 16. Rb3 d5 17. Bxf8 Kxf8 18. Rfb1 dxc4 19. Qxc4 c5 20. Nd5 Nxd5 21. Qxd5 Rad8 22. b6 Nxb6 23. Qxc5+ Qxc5 24. dxc5 Nxa4 25. Nf1 Nxc5 26. Rb5 Rc8 27. Rxa5 Re7 28. Rab5 Rcc7 29. g3 Nd3 30. Kg2 Rc2 0-1

[Event "MVP-ch Seniors op 14th"]
[Site "Binz"]
[Date "2014.11.25"]
[Round "1"]
[White "Klettke, Wolfgang"]
[Black "Graffenberger, Wilhelm"]
[Result "1/2-1/2"]
[WhiteElo "1892"]
[BlackElo "1537"]
[PlyCount "63"]
[EventDate "2014.11.25"]
[EventType "swiss"]
[EventRounds "9"]
[EventCountry "GER"]
[SourceTitle "EXT 2016"]
[Source "ChessBase"]
[SourceDate "2015.10.08"]
[SourceVersion "1"]
[SourceVersionDate "2015.10.08"]
[SourceQuality "1"]

1. e4 c5 2. Nf3 d6 3. Bb5+ Bd7 4. Bxd7+ Nxd7 5. 0-0 Ngf6 6. Re1 e5 7. c3 Be7 8. d4 0-0 9. Nbd2 b5 10. Nf1 Qc7 11. Ng3 Rfe8 12. Qe2 Rab8 13. Bg5 Nf8 14. Nf5 Ne6 15. Nxe7+ Qxe7 16. dxe5 dxe5 17. Bxf6 Qxf6 18. g3 c4 19. a4 a6 20. axb5 axb5 21. Ra6 Red8 22. Rea1 Qh6 23. Nxe5 Rd2 24. Qg4 Qf6 25. f4 Rbd8 26. Ra8 Nc7 27. Rc8 Qb6+ 28. Kh1 Qf2 29. Rxd8+ Rxd8 30. Rd1 Rxd1+ 31. Qxd1 Ne6 32. f5 1/2-1/2

[Event "Niedersachsen-ch"]
[Site "Verden"]
[Date "2014.01.03"]
[Round "4"]
[White "Baisakow, Alexander"]
[Black "Klettke, Wolfgang"]
[Result "1-0"]
[WhiteElo "2212"]
[BlackElo "2055"]
[PlyCount "69"]
[EventDate "2014.01.02"]
[EventType "swiss"]
[EventRounds "7"]
[EventCountry "GER"]
[SourceTitle "EXT 2016"]
[Source "ChessBase"]
[SourceDate "2015.10.08"]
[SourceVersion "1"]
[SourceVersionDate "2015.10.08"]
[SourceQuality "1"]

1. e4 c5 2. Nc3 Nc6 3. Bc4 g6 4. f4 Bg7 5. Nf3 e6 6. 0-0 Nge7 7. d3 d6 8. Qe1 Nd4 9. Nxd4 cxd4 10. Ne2 0-0 11. Ng3 Rb8 12. a4 b6 13. Qf2 d5 14. Bb3 dxe4 15. dxe4 Rb7 16. Rd1 Nc6 17. e5 Rd7 18. Bc4 Bb7 19. Qe2 Qc8 20. b3 Rfd8 21. Ne4 Na5 22. Bd3 Bxe4 23. Bxe4 Bf8 24. Rd3 Nb7 25. Bxb7 Qxb7 26. Bd2 a5 27. Rd1 Rd5 28. Be1 Be7 29. Bf2 Qd7 30. h4 h6 31. Qe4 Bc5 32. h5 Kg7 33. Rg3 Qe8 34. Rdd3 Kh7 35. Rg4 1-0

[Event "Niedersachsen-ch"]
[Site "Verden"]
[Date "2014.01.02"]
[Round "2"]
[White "Sturm, Timo"]
[Black "Klettke, Wolfgang"]
[Result "1/2-1/2"]
[WhiteElo "2025"]
[BlackElo "2055"]
[PlyCount "64"]
[EventDate "2014.01.02"]
[EventType "swiss"]
[EventRounds "7"]
[EventCountry "GER"]
[SourceTitle "EXT 2016"]
[Source "ChessBase"]
[SourceDate "2015.10.08"]
[SourceVersion "1"]
[SourceVersionDate "2015.10.08"]
[SourceQuality "1"]

1. d4 Nf6 2. Nf3 e6 3. Bg5 Be7 4. Nbd2 d5 5. e3 Nbd7 6. Bd3 c5 7. c3 h6 8. Bf4 b6 9. Bb5 Bb7 10. Ne5 a6 11. Nc6 Bxc6 12. Bxc6 Ra7 13. Ba4 b5 14. Bc2 b4 15. 0-0 0-0 16. h3 Qb6 17. Nf3 Bd6 18. cxb4 cxb4 19. Ne5 Rc8 20. Qd3 Nf8 21. Rad1 Rac7 22. Bb1 a5 23. g4 a4 24. Qe2 N6h7 25. h4 f6 26. Ng6 Nxg6 27. Bxd6 Qxd6 28. Bxg6 Nf8 29. Bd3 g6 30. Rd2 Rc1 31. Rxc1 Rxc1+ 32. Rd1 Rc7 1/2-1/2

[Event "Niedersachsen-ch op"]
[Site "Verden"]
[Date "2011.01.04"]
[Round "5"]
[White "Duessler, Stefanie"]
[Black "Klettke, Wolfgang"]
[Result "1/2-1/2"]
[WhiteElo "1871"]
[BlackElo "2093"]
[PlyCount "73"]
[EventDate "2011.01.02"]
[EventType "swiss"]
[EventRounds "7"]
[EventCountry "GER"]
[SourceTitle "EXT 2018"]
[Source "ChessBase"]
[SourceDate "2017.10.13"]
[SourceVersion "1"]
[SourceVersionDate "2017.10.13"]
[SourceQuality "1"]

1. e4 c5 2. Nf3 Nc6 3. d4 cxd4 4. Nxd4 g6 5. c4 Bg7 6. Be3 Nf6 7. Nc3 Ng4 8. Qxg4 Nxd4 9. Qd1 Ne6 10. Be2 d6 11. 0-0 0-0 12. Qd2 Re8 13. Rfc1 Bd7 14. Bg4 Nc5 15. Bxc5 Bxg4 16. Bd4 Be6 17. b3 Qd7 18. Rab1 f5 19. Rd1 Qc6 20. exf5 Bxf5 21. Rbc1 b6 22. Nb5 Bd7 23. Re1 Qb7 24. Nc3 Bc6 25. f3 Bf6 26. Bf2 Rad8 27. Ne4 Bxe4 28. Rxe4 d5 29. cxd5 Rxd5 30. Qe2 Red8 31. Be3 Qd7 32. Rec4 Rd3 33. Kf2 Qd6 34. g3 Qe6 35. Rc8 Rxc8 36. Rxc8+ Qxc8 37. Qxd3 1/2-1/2